[Event "NB1 Maroczy csoport"]
[Site "Budapest"]
[Date "2024.12.15"]
[Round "4.7"]
[White "Minga-Nagy, Abel Inti"]
[Black "Haszon, Kamilla Sara"]
[Result "1-0"]
[WhiteElo "2028"]
[BlackElo "2018"]
[PlyCount "59"]
[GameId "2123394531252212"]
[EventDate "2024.11.03"]
[EventType "team-tourn"]
[EventRounds "11"]
[EventCountry "HUN"]
[Source "chess.hu"]
[WhiteTeam "Aquarena Kobanya  II"]
[BlackTeam "Dr. Hetenyi Geza SK"]
[WhiteTeamCountry "HUN"]
[BlackTeamCountry "HUN"]

1. e4 c5 2. Nf3 Nc6 3. Bb5 Nf6 4. d3 Qa5+ 5. Nc3 Nd4 6. Bc4 b5 7. Bb3 Nxb3 8. cxb3 d5 9. O-O d4 10. e5 dxc3 11. exf6 gxf6 12. bxc3 Qxc3 13. Be3 e5 14. d4 cxd4 15. Nxd4 exd4 16. Bxd4 Qc6 17. Rc1 Qd6 18. Qf3 Rb8 19. Bxf6 Rg8 20. Rfe1+ Be6 21. Be5 Qb6 22. Rc6 Qa5 23. Bc3 Bb4 24. Rcxe6+ fxe6 25. Rxe6+ Kd8 26. Qd5+ Kc8 27. Rc6+ Kb7 28. Rh6+ Kc7 29. Rxh7+ Kb6 30. Bd4+ 1-0

[Event "NB1 Maroczy csoport"]
[Site "Budapest"]
[Date "2024.12.15"]
[Round "4.8"]
[White "Gelle, Istvan"]
[Black "Kul, Ivan"]
[Result "0-1"]
[WhiteElo "2136"]
[BlackElo "2083"]
[PlyCount "86"]
[GameId "2123394572367876"]
[EventDate "2024.11.03"]
[EventType "team-tourn"]
[EventRounds "11"]
[EventCountry "HUN"]
[Source "chess.hu"]
[WhiteTeam "Dr. Hetenyi Geza SK"]
[BlackTeam "Aquarena Kobanya  II"]
[WhiteTeamCountry "HUN"]
[BlackTeamCountry "HUN"]

1. d4 d5 2. Bf4 c5 3. e3 Nc6 4. c3 Qb6 5. Qb3 c4 6. Qc2 e5 7. dxe5 Bf5 8. Qc1 g5 9. Bxg5 Nxe5 10. Nd2 Bg7 11. Ndf3 Nd3+ 12. Bxd3 Bxd3 13. Ne2 Be4 14. Qd2 f6 15. Bf4 Ne7 16. h4 h5 17. Nfd4 O-O-O 18. b3 Ng6 19. bxc4 dxc4 20. f3 Bd3 21. Kf2 Rhe8 22. Rhe1 Qc5 23. Rab1 Bxb1 24. Rxb1 Ne5 25. Kg3 Nd3 26. Rb5 Qa3 27. Qc2 Bf8 28. Qb1 Rd7 29. Nc2 Qa6 30. a4 Bd6 31. Qa2 Nxf4 32. Nxf4 Qc6 33. Nb4 Bxf4+ 34. exf4 Qe6 35. Kh2 Qe2 36. Rc5+ Kb8 37. Qxc4 Rd2 38. Qxe2 Rexe2 39. Rxh5 Rxg2+ 40. Kh1 Rge2 41. Rh8+ Kc7 42. Rh7+ Kd6 43. Rg7 a5 0-1

[Event "NB1 Maroczy csoport"]
[Site "Budapest"]
[Date "2024.12.15"]
[Round "4.9"]
[White "Karacsonyi, Bank"]
[Black "Baranyai, Szabolcs Jr."]
[Result "0-1"]
[WhiteElo "2117"]
[BlackElo "2132"]
[PlyCount "126"]
[GameId "2123394623653912"]
[EventDate "2024.11.03"]
[EventType "team-tourn"]
[EventRounds "11"]
[EventCountry "HUN"]
[Source "chess.hu"]
[WhiteTeam "Aquarena Kobanya  II"]
[BlackTeam "Dr. Hetenyi Geza SK"]
[WhiteTeamCountry "HUN"]
[BlackTeamCountry "HUN"]

1. d4 d5 2. Nf3 Nf6 3. Bf4 c5 4. e3 Nc6 5. Nbd2 cxd4 6. exd4 Bg4 7. c3 e6 8. Qb3 Qc8 9. Bd3 Be7 10. Ne5 Bh5 11. O-O O-O 12. Rae1 Nxe5 13. Bxe5 Bg6 14. Qc2 b5 15. f4 b4 16. f5 exf5 17. Bxf5 Qb7 18. Bxf6 Bxf6 19. Nb3 bxc3 20. bxc3 Rfe8 21. Nc5 Qb5 22. Rxe8+ Rxe8 23. Bxg6 hxg6 24. Rb1 Qc4 25. Qd3 Qxa2 26. Nd7 a5 27. h3 a4 28. Rf1 Re2 29. Qf3 a3 30. Kh1 Re6 31. c4 Qxc4 32. Rb1 Re8 33. Qxa3 Qxd4 34. Rf1 Rc8 35. Qa6 Qc4 36. Nxf6+ gxf6 37. Qxf6 Rf8 38. Rf4 Qc1+ 39. Kh2 Qc7 40. Kg3 Re8 41. Kg4 Re6 42. Qd4 Qe5 43. Qxe5 Rxe5 44. Kf3 Kg7 45. g4 f5 46. Ra4 Kf6 47. h4 Re6 48. Ra5 Ke5 49. Ra4 Rb6 50. gxf5 gxf5 51. Ra3 f4 52. Rd3 Rh6 53. Kg4 Rg6+ 54. Kh3 Ke4 55. Rd1 f3 56. Re1+ Kf4 57. Re8 f2 58. Rf8+ Ke3 59. Re8+ Kd2 60. Rf8 Ke1 61. Re8+ Kf1 62. Kh2 Rg2+ 63. Kh1 Rg4 0-1

[Event "NB1 Maroczy csoport"]
[Site "Budapest"]
[Date "2024.12.15"]
[Round "4.10"]
[White "Kormos, Andras"]
[Black "Fodor, Miklos"]
[Result "1-0"]
[WhiteElo "2037"]
[BlackElo "1978"]
[PlyCount "127"]
[GameId "2123394668967978"]
[EventDate "2024.11.03"]
[EventType "team-tourn"]
[EventRounds "11"]
[EventCountry "HUN"]
[Source "chess.hu"]
[WhiteTeam "Dr. Hetenyi Geza SK"]
[BlackTeam "Aquarena Kobanya  II"]
[WhiteTeamCountry "HUN"]
[BlackTeamCountry "HUN"]

1. c4 g6 2. Nc3 Bg7 3. b3 e5 4. g3 Nc6 5. Bg2 d6 6. Bb2 f5 7. d3 Nf6 8. e3 O-O 9. Nge2 Ne7 10. d4 e4 11. d5 Ng4 12. O-O g5 13. Nd4 Rf6 14. Rb1 Rh6 15. h3 Ne5 16. f4 exf3 17. Nxf3 Nxf3+ 18. Qxf3 Ng6 19. Nb5 Qe7 20. Nd4 g4 21. hxg4 fxg4 22. Qe4 Ne5 23. Nf5 Bxf5 24. Rxf5 Re8 25. Rf4 Qg5 26. Qf5 Qxf5 27. Rxf5 Rg6 28. Bd4 Nf3+ 29. Bxf3 Bxd4 30. exd4 gxf3 31. Rxf3 Re2 32. a4 Rd2 33. Re1 Rxd4 34. Re8+ Kg7 35. Re7+ Kh6 36. Rxc7 Rg7 37. Rf6+ Rg6 38. Rxg6+ hxg6 39. Kg2 b6 40. Rxa7 Rd2+ 41. Kh3 Rb2 42. Rd7 Rxb3 43. Rxd6 Kg5 44. Rc6 Kf5 45. c5 bxc5 46. Rxc5 Rb4 47. a5 Ke5 48. d6+ Kxd6 49. Rg5 Ra4 50. Rxg6+ Ke7 51. a6 Kf7 52. Rb6 Kg7 53. g4 Kh7 54. Kh4 Ra5 55. g5 Ra1 56. Kg4 Rg1+ 57. Kf5 Rf1+ 58. Ke5 Ra1 59. Kf6 Rf1+ 60. Ke7 Ra1 61. Kf7 Rf1+ 62. Rf6 Rh1 63. Rh6+ Rxh6 64. gxh6 1-0

[Event "NB1 Maroczy csoport"]
[Site "Budapest"]
[Date "2024.12.15"]
[Round "4.11"]
[White "Medvegy, Judit"]
[Black "Schmied, Erik Rajmund"]
[Result "1/2-1/2"]
[WhiteElo "2002"]
[BlackElo "1806"]
[PlyCount "76"]
[GameId "2123394954414138"]
[EventDate "2024.11.03"]
[EventType "team-tourn"]
[EventRounds "11"]
[EventCountry "HUN"]
[Source "chess.hu"]
[WhiteTeam "Aquarena Kobanya  II"]
[BlackTeam "Dr. Hetenyi Geza SK"]
[WhiteTeamCountry "HUN"]
[BlackTeamCountry "HUN"]

1. e4 c6 2. d4 d5 3. exd5 cxd5 4. Bd3 Nc6 5. c3 Nf6 6. Bf4 e6 7. Nf3 Bd6 8. Bxd6 Qxd6 9. O-O O-O 10. Re1 Rb8 11. a4 a6 12. Qe2 Bd7 13. Nbd2 Ne7 14. Ne5 Ng6 15. g3 b5 16. Nxd7 Qxd7 17. Nb3 bxa4 18. Nc5 Qc6 19. Rxa4 Rb6 20. Rxa6 Rxa6 21. Bxa6 e5 22. Bb5 Qd6 23. dxe5 Nxe5 24. Nd3 Nxd3 25. Qxd3 h5 26. h4 Qc5 27. b4 Qb6 28. Ba4 Ne4 29. Re3 Nxc3 30. Bc2 g6 31. Rf3 d4 32. Qc4 Kg7 33. Kg2 Nb5 34. Rf4 Na3 35. Qd3 Nxc2 36. Qxc2 Qxb4 37. Qc6 Kh7 38. Qd5 Qe7 1/2-1/2

[Event "NB1 Maroczy csoport"]
[Site "Budapest"]
[Date "2024.12.15"]
[Round "4.12"]
[White "Kellermann, Botond"]
[Black "Gyomber, Tamas"]
[Result "0-1"]
[WhiteElo "1806"]
[BlackElo "2020"]
[PlyCount "54"]
[GameId "2123394990524490"]
[EventDate "2024.11.03"]
[EventType "team-tourn"]
[EventRounds "11"]
[EventCountry "HUN"]
[Source "chess.hu"]
[WhiteTeam "Dr. Hetenyi Geza SK"]
[BlackTeam "Aquarena Kobanya  II"]
[WhiteTeamCountry "HUN"]
[BlackTeamCountry "HUN"]

1. d4 g6 2. Nf3 Bg7 3. c4 d6 4. e4 Nc6 5. Nc3 e5 6. d5 Nce7 7. Be2 f5 8. Qc2 Nf6 9. O-O O-O 10. Bd3 fxe4 11. Nxe4 Nxe4 12. Bxe4 Nf5 13. Bd2 Nd4 14. Nxd4 exd4 15. Bd3 Qh4 16. Rae1 Bg4 17. Re4 Rae8 18. f3 Rxe4 19. Bxe4 Bd7 20. Be1 Qf4 21. Bg3 Qg5 22. Rd1 Be5 23. Qd2 Qh5 24. Qf2 Bf5 25. Bxe5 dxe5 26. g4 Bxg4 27. fxg4 Qxg4+ 0-1

[Event "NB1 Maroczy csoport"]
[Site "Parasznya"]
[Date "2024.12.15"]
[Round "4.1"]
[White "Groszpeter, Attila"]
[Black "Leszko, Bence"]
[Result "1/2-1/2"]
[WhiteElo "2415"]
[BlackElo "2255"]
[PlyCount "87"]
[GameId "2123396169698936"]
[EventDate "2024.11.03"]
[EventType "team-tourn"]
[EventRounds "11"]
[EventCountry "HUN"]
[Source "chess.hu"]
[WhiteTeam "Neumann J. Egyetem"]
[BlackTeam "Pitypalatty Sakk SE"]
[WhiteTeamCountry "HUN"]
[BlackTeamCountry "HUN"]

1. e4 c5 2. Nf3 e6 3. d4 cxd4 4. Nxd4 Nf6 5. Nc3 Nc6 6. Ndb5 Bb4 7. a3 Bxc3+ 8. Nxc3 d5 9. Bd3 dxe4 10. Nxe4 Nxe4 11. Bxe4 Qxd1+ 12. Kxd1 f5 13. Bxc6+ bxc6 14. Bf4 Ba6 15. Re1 O-O-O+ 16. Kc1 Rd4 17. Be5 Rd5 18. b3 Re8 19. f4 g6 20. Bc3 c5 21. Kb2 c4 22. b4 Bb7 23. Re3 Rd7 24. Rae1 Bd5 25. Re5 Kb7 26. g3 Kc6 27. a4 a6 28. Bd4 Rb7 29. c3 Rbb8 30. R5e2 Rb7 31. Re5 Rbb8 32. Bf2 Kd7 33. Rd1 Kc6 34. Rd4 Rbd8 35. Rd2 Rd7 36. Bd4 Rb7 37. Re1 Kd7 38. Red1 Kc6 39. Be5 Rd7 40. Rd4 Rc8 41. R1d2 Kb6 42. Rd1 Kc6 43. Rb1 Ra8 44. Re1 1/2-1/2

[Event "NB1 Maroczy csoport"]
[Site "Parasznya"]
[Date "2024.12.15"]
[Round "4.2"]
[White "Papp, Tamas"]
[Black "Balazs, Gabor"]
[Result "1/2-1/2"]
[WhiteElo "2306"]
[BlackElo "2374"]
[PlyCount "39"]
[GameId "2123396495445642"]
[EventDate "2024.11.03"]
[EventType "team-tourn"]
[EventRounds "11"]
[EventCountry "HUN"]
[Source "chess.hu"]
[WhiteTeam "Pitypalatty Sakk SE"]
[BlackTeam "Neumann J. Egyetem"]
[WhiteTeamCountry "HUN"]
[BlackTeamCountry "HUN"]

1. d4 d5 2. c4 c6 3. cxd5 cxd5 4. Nc3 Nf6 5. Bf4 Nc6 6. e3 Bf5 7. Qb3 Na5 8. Qa4+ Bd7 9. Bb5 Nc6 10. Qd1 Rc8 11. Nf3 Bg4 12. h3 Bxf3 13. Qxf3 e6 14. O-O Be7 15. Rac1 O-O 16. Bd3 h6 17. Rfd1 Bd6 18. Bxd6 Qxd6 19. Bb1 Rfd8 20. Rc2 1/2-1/2

[Event "NB1 Maroczy csoport"]
[Site "Parasznya"]
[Date "2024.12.15"]
[Round "4.3"]
[White "Marosi, Levente"]
[Black "Daroczi, Donat"]
[Result "1/2-1/2"]
[WhiteElo "2291"]
[BlackElo "2123"]
[PlyCount "89"]
[GameId "2123396561452698"]
[EventDate "2024.11.03"]
[EventType "team-tourn"]
[EventRounds "11"]
[EventCountry "HUN"]
[Source "chess.hu"]
[WhiteTeam "Neumann J. Egyetem"]
[BlackTeam "Pitypalatty Sakk SE"]
[WhiteTeamCountry "HUN"]
[BlackTeamCountry "HUN"]

1. e4 e6 2. d4 d5 3. Nd2 h6 4. Bd3 Nf6 5. e5 Nfd7 6. Ne2 c5 7. c3 Nc6 8. Nf3 Rb8 9. O-O b5 10. Be3 Qb6 11. Rc1 Ba6 12. Nf4 c4 13. Bb1 b4 14. Nxe6 fxe6 15. Nh4 bxc3 16. bxc3 Ba3 17. Qh5+ Kd8 18. Rce1 Ne7 19. f4 Rf8 20. Ng6 Nxg6 21. Qxg6 Kc7 22. f5 Rbe8 23. f6 gxf6 24. exf6 e5 25. Bxh6 e4 26. Bxf8 Rxf8 27. Qg3+ Bd6 28. Qg5 Bb7 29. f7 Qb2 30. Qe3 Bc6 31. Rf2 Qb8 32. g4 Rh8 33. Ref1 Qf8 34. g5 Qg7 35. Rg2 Qg6 36. Qf2 Rh3 37. Qf5 Qh5 38. g6 Qh6 39. g7 Rxh2 40. Qg5 Rxg2+ 41. Qxg2 Qe3+ 42. Rf2 Qc1+ 43. Rf1 Qe3+ 44. Rf2 Qc1+ 45. Rf1 1/2-1/2

[Event "NB1 Maroczy csoport"]
[Site "Parasznya"]
[Date "2024.12.15"]
[Round "4.4"]
[White "Zambor, Norbert"]
[Black "Soos, Arpad"]
[Result "1-0"]
[WhiteElo "2217"]
[BlackElo "2342"]
[PlyCount "81"]
[GameId "2123396595957420"]
[EventDate "2024.11.03"]
[EventType "team-tourn"]
[EventRounds "11"]
[EventCountry "HUN"]
[Source "chess.hu"]
[WhiteTeam "Pitypalatty Sakk SE"]
[BlackTeam "Neumann J. Egyetem"]
[WhiteTeamCountry "HUN"]
[BlackTeamCountry "HUN"]

1. e4 c5 2. Nf3 d6 3. d4 cxd4 4. Nxd4 Nf6 5. Nc3 Nc6 6. Bg5 e6 7. Qd2 Be7 8. f3 O-O 9. O-O-O a6 10. h4 Qa5 11. Kb1 Nxd4 12. Qxd4 b5 13. a3 Rd8 14. g4 Rb8 15. Bd2 Qc7 16. g5 Nd7 17. h5 Qc5 18. Qxc5 Nxc5 19. b4 Nd7 20. f4 Nb6 21. Bd3 Bb7 22. h6 g6 23. Be3 Ba8 24. Rhe1 Rdc8 25. Ne2 Nc4 26. Bc1 Rc7 27. f5 exf5 28. exf5 Ne5 29. f6 Bf8 30. Nd4 Bd5 31. Bf1 Bc4 32. Bh3 a5 33. Bf4 axb4 34. axb4 Ra8 35. Bg2 Ra4 36. Bxe5 dxe5 37. Nc6 Ra6 38. Rxe5 Be6 39. Rd8 Raxc6 40. Bxc6 Rxc6 41. Rxb5 1-0

[Event "NB1 Maroczy csoport"]
[Site "Parasznya"]
[Date "2024.12.15"]
[Round "4.5"]
[White "Siklosi, Zoltan"]
[Black "Kovacs, Apollo"]
[Result "1/2-1/2"]
[WhiteElo "2272"]
[BlackElo "2101"]
[PlyCount "92"]
[GameId "2123396637195964"]
[EventDate "2024.11.03"]
[EventType "team-tourn"]
[EventRounds "11"]
[EventCountry "HUN"]
[Source "chess.hu"]
[WhiteTeam "Neumann J. Egyetem"]
[BlackTeam "Pitypalatty Sakk SE"]
[WhiteTeamCountry "HUN"]
[BlackTeamCountry "HUN"]

1. e4 c5 2. Nf3 d6 3. d4 cxd4 4. Nxd4 Nf6 5. Nc3 a6 6. Be2 e6 7. O-O Be7 8. f4 Qc7 9. Kh1 b5 10. e5 dxe5 11. fxe5 Nfd7 12. Bf3 Bb7 13. Bxb7 Qxb7 14. Qh5 O-O 15. Rf3 g6 16. Qh6 f5 17. Nxe6 Rf7 18. Bf4 b4 19. Nd5 Nxe5 20. Bxe5 Qxd5 21. Bxb8 Qxe6 22. Bf4 Rc8 23. c3 Bf6 24. Re3 Qd5 25. Rae1 Bg7 26. Qh3 bxc3 27. bxc3 Qxa2 28. Be5 Qd2 29. R3e2 Qd5 30. Bxg7 Kxg7 31. Re3 a5 32. Rd3 Qc4 33. Qe3 Rc5 34. h3 a4 35. Rd4 Qxc3 36. Qxc3 Rxc3 37. Rxa4 f4 38. Rf1 g5 39. Rf3 Rc1+ 40. Kh2 Rd7 41. Rb3 Rdd1 42. Rb7+ Kf6 43. Ra6+ Ke5 44. Re7+ Kf5 45. Rf7+ Ke5 46. Re7+ Kf5 1/2-1/2

[Event "NB1 Maroczy csoport"]
[Site "Parasznya"]
[Date "2024.12.15"]
[Round "4.6"]
[White "Bognar, Csaba Dr."]
[Black "Varasdy, Imre"]
[Result "1/2-1/2"]
[WhiteElo "2067"]
[BlackElo "2196"]
[PlyCount "48"]
[GameId "2123396671573710"]
[EventDate "2024.11.03"]
[EventType "team-tourn"]
[EventRounds "11"]
[EventCountry "HUN"]
[Source "chess.hu"]
[WhiteTeam "Pitypalatty Sakk SE"]
[BlackTeam "Neumann J. Egyetem"]
[WhiteTeamCountry "HUN"]
[BlackTeamCountry "HUN"]

1. d4 Nf6 2. c4 e6 3. Nf3 b6 4. g3 Ba6 5. Nbd2 Bb7 6. Bg2 c5 7. e3 d6 8. O-O Qc7 9. b3 Be7 10. Bb2 O-O 11. Rc1 Nbd7 12. Qc2 Rac8 13. e4 cxd4 14. Nxd4 Qb8 15. Qb1 a6 16. Rfd1 Rfd8 17. Qd3 Qa8 18. Qe2 Bf8 19. f3 Re8 20. Re1 Qa7 21. Kh1 Qb8 22. Nf1 h6 23. Qd2 Rcd8 24. Rcd1 Qa8 1/2-1/2

[Event "NB1 Maroczy csoport"]
[Site "Parasznya"]
[Date "2024.12.15"]
[Round "4.7"]
[White "Czegledi, Zsolt"]
[Black "Petyko, Zoltan"]
[Result "1/2-1/2"]
[WhiteElo "2153"]
[BlackElo "2079"]
[PlyCount "103"]
[GameId "2123396703497950"]
[EventDate "2024.11.03"]
[EventType "team-tourn"]
[EventRounds "11"]
[EventCountry "HUN"]
[Source "chess.hu"]
[WhiteTeam "Neumann J. Egyetem"]
[BlackTeam "Pitypalatty Sakk SE"]
[WhiteTeamCountry "HUN"]
[BlackTeamCountry "HUN"]

1. d4 Nf6 2. Bg5 d5 3. Bxf6 exf6 4. e3 Be6 5. Nd2 c6 6. Bd3 Bd6 7. c3 f5 8. Qc2 Qf6 9. Ne2 Nd7 10. Nf4 Bxf4 11. exf4 O-O 12. Nf3 c5 13. O-O g6 14. Rfe1 h6 15. Bb5 Rfc8 16. Bxd7 Bxd7 17. dxc5 Rxc5 18. Qd2 Rac8 19. Re5 Be6 20. Rae1 R5c6 21. h4 Rd6 22. Qd4 Ra6 23. a3 Rc4 24. Qd2 Re4 25. g3 Rb6 26. Nd4 Rxe1+ 27. Rxe1 Bd7 28. Re5 Rd6 29. Nf3 Bc6 30. Qd4 a6 31. Qe3 Re6 32. Nd4 Rxe5 33. fxe5 Qe7 34. f4 Bd7 35. Nc2 Qe6 36. Qa7 Qc6 37. Qb8+ Kg7 38. Qd8 Qa4 39. Nd4 Qd1+ 40. Kh2 Qd2+ 41. Kg1 Qe1+ 42. Kg2 Qd2+ 43. Kh3 Qd1 44. Qf6+ Kg8 45. Kg2 Bb5 46. Qd8+ Kh7 47. Nxb5 Qe2+ 48. Kg1 Qe1+ 49. Kg2 Qe2+ 50. Kg1 Qe1+ 51. Kg2 Qe2+ 52. Kg1 1/2-1/2

[Event "NB1 Maroczy csoport"]
[Site "Parasznya"]
[Date "2024.12.15"]
[Round "4.9"]
[White "Lehocz, Jozsef Jr."]
[Black "Csizmadia, Csenger"]
[Result "1-0"]
[WhiteElo "2054"]
[BlackElo "1979"]
[PlyCount "77"]
[GameId "2123396806205185"]
[EventDate "2024.11.03"]
[EventType "team-tourn"]
[EventRounds "11"]
[EventCountry "HUN"]
[Source "chess.hu"]
[WhiteTeam "Neumann J. Egyetem"]
[BlackTeam "Pitypalatty Sakk SE"]
[WhiteTeamCountry "HUN"]
[BlackTeamCountry "HUN"]

1. e4 Nc6 2. Nf3 d5 3. exd5 Qxd5 4. Nc3 Qd6 5. d4 Bg4 6. d5 Ne5 7. Be2 Bxf3 8. Bxf3 O-O-O 9. O-O Nf6 10. Bf4 g5 11. Bxg5 Nfd7 12. Re1 Rg8 13. Bf4 Qf6 14. Bg3 Bh6 15. Be4 Bf4 16. Ne2 Bxg3 17. Nxg3 Ng4 18. Bf5 h5 19. Qf3 Kb8 20. Bxd7 Rxd7 21. Qxf6 Nxf6 22. c4 Rg4 23. b3 h4 24. Nf5 Rf4 25. Ne3 Ne4 26. f3 Nc5 27. Rad1 a5 28. Ng4 f6 29. Nf2 b6 30. Nd3 Nxd3 31. Rxd3 c6 32. Red1 Kc7 33. Kf2 c5 34. Re1 Kd8 35. Rde3 Rf5 36. Re6 b5 37. Rc6 Rc7 38. Rxc7 Kxc7 39. Rxe7+ 1-0

[Event "NB1 Maroczy csoport"]
[Site "Parasznya"]
[Date "2024.12.15"]
[Round "4.10"]
[White "Kacsandi, Lili Fruzsina"]
[Black "Panda, Barnabas"]
[Result "0-1"]
[WhiteElo "1899"]
[BlackElo "2100"]
[PlyCount "68"]
[GameId "2123396844314399"]
[EventDate "2024.11.03"]
[EventType "team-tourn"]
[EventRounds "11"]
[EventCountry "HUN"]
[Source "chess.hu"]
[WhiteTeam "Pitypalatty Sakk SE"]
[BlackTeam "Neumann J. Egyetem"]
[WhiteTeamCountry "HUN"]
[BlackTeamCountry "HUN"]

1. e4 c5 2. Nc3 Nc6 3. g3 g6 4. Bg2 Bg7 5. d3 d6 6. Be3 e6 7. Qd2 Nd4 8. Nd1 Ne7 9. c3 Ndc6 10. Bh6 O-O 11. h4 f5 12. h5 Qe8 13. hxg6 Qxg6 14. Bf3 Ne5 15. Bxg7 Qxg7 16. Be2 Bd7 17. Nh3 N7g6 18. Ne3 Rae8 19. O-O-O Bc6 20. Rh2 b5 21. f3 fxe4 22. dxe4 Nxf3 23. Bxf3 Rxf3 24. Qxd6 Bxe4 25. Ng5 Rxe3 26. Nxe4 Ne5 27. Nxc5 Qxg3 28. Qd2 Nc4 29. Qd7 Rxc3+ 30. Kb1 Qg6+ 31. Ka1 Rg3 32. Qxb5 Ne3 33. Rc1 Rg1 34. Nb3 Rc8 0-1

[Event "NB1 Maroczy csoport"]
[Site "Parasznya"]
[Date "2024.12.15"]
[Round "4.11"]
[White "Lehocz, Jozsef"]
[Black "Solyom, Sandor"]
[Result "1-0"]
[WhiteElo "1993"]
[BlackElo "1768"]
[PlyCount "79"]
[GameId "2123396878819119"]
[EventDate "2024.11.03"]
[EventType "team-tourn"]
[EventRounds "11"]
[EventCountry "HUN"]
[Source "chess.hu"]
[WhiteTeam "Neumann J. Egyetem"]
[BlackTeam "Pitypalatty Sakk SE"]
[WhiteTeamCountry "HUN"]
[BlackTeamCountry "HUN"]

1. d4 e6 2. Nc3 d5 3. Bf4 a6 4. Nf3 Nf6 5. e3 c5 6. Ne5 cxd4 7. exd4 Bb4 8. Bd3 Nc6 9. Nxc6 bxc6 10. O-O c5 11. dxc5 Bxc5 12. Qf3 Bd6 13. Bg5 Be7 14. Rfe1 O-O 15. Rad1 Rb8 16. b3 h6 17. Bxh6 gxh6 18. Qg3+ Kh8 19. Qxb8 Bd6 20. Qa7 Rg8 21. h3 Rg7 22. Bxa6 Qa5 23. Nb5 Bf8 24. Bxc8 Qxb5 25. Ba6 Qa5 26. a4 Ne4 27. Qb8 Qc5 28. Rf1 Rg8 29. Qf4 Ng5 30. Kh1 Bg7 31. h4 e5 32. Qf5 Ne4 33. Bd3 Nf6 34. Qxe5 Re8 35. Qf5 Ne4 36. Bxe4 Rxe4 37. Rxd5 Rxh4+ 38. Kg1 Qc7 39. g3 Rb4 40. Rc5 1-0

[Event "NB1 Maroczy csoport"]
[Site "Parasznya"]
[Date "2024.12.15"]
[Round "4.12"]
[White "Bende, Eniko Tunde"]
[Black "Balazs-Szalai, Renata"]
[Result "0-1"]
[WhiteElo "1632"]
[BlackElo "1908"]
[PlyCount "64"]
[GameId "2123396912979775"]
[EventDate "2024.11.03"]
[EventType "team-tourn"]
[EventRounds "11"]
[EventCountry "HUN"]
[Source "chess.hu"]
[WhiteTeam "Pitypalatty Sakk SE"]
[BlackTeam "Neumann J. Egyetem"]
[WhiteTeamCountry "HUN"]
[BlackTeamCountry "HUN"]

1. e4 c6 2. d4 d5 3. exd5 cxd5 4. c4 Nf6 5. Nc3 e6 6. Nf3 Be7 7. Bf4 a6 8. Be2 dxc4 9. Bxc4 b5 10. Bd3 Bb7 11. O-O O-O 12. Be5 Nc6 13. Ng5 h6 14. Bxf6 Bxf6 15. Nh7 Re8 16. Nxf6+ Qxf6 17. Be4 Rad8 18. Ne2 e5 19. d5 Nd4 20. Nxd4 exd4 21. Qd3 Bxd5 22. Bxd5 Rxd5 23. Rac1 Qd6 24. Rc2 Rc5 25. Rd2 Rd5 26. Rc2 Qe6 27. h3 Qe4 28. Qd2 d3 29. Rc6 Rg5 30. f4 Qxc6 31. fxg5 Re2 32. Qxd3 Qxg2# 0-1

[Event "NB1 Maroczy csoport"]
[Site "Budapest"]
[Date "2024.12.15"]
[Round "4.1"]
[White "Nagy, Daniel"]
[Black "Furedi, Erik"]
[Result "1/2-1/2"]
[WhiteElo "2277"]
[BlackElo "2285"]
[PlyCount "55"]
[GameId "2124075514536035"]
[EventDate "2024.11.03"]
[EventType "team-tourn"]
[EventRounds "11"]
[EventCountry "HUN"]
[Source "chess.hu"]
[WhiteTeam "Maroczy SE II."]
[BlackTeam "Vasas SC"]
[WhiteTeamCountry "HUN"]
[BlackTeamCountry "HUN"]

1. d4 f5 2. Bg5 g6 3. Nc3 Bg7 4. h4 h6 5. Bf4 d6 6. e4 e5 7. dxe5 dxe5 8. Qxd8+ Kxd8 9. Be3 Be6 10. O-O-O+ Nd7 11. g3 Ngf6 12. Bh3 Ng4 13. Bxg4 fxg4 14. Nge2 c6 15. Na4 Kc7 16. b3 Bf8 17. c4 b6 18. Nec3 Rb8 19. Nb2 Bb4 20. Kc2 Rbf8 21. Nd3 Be7 22. Kd2 Rf7 23. Ke2 Rg7 24. Rc1 Kb7 25. Rc2 g5 26. hxg5 Bxg5 27. Bxg5 Rxg5 28. Rd2 1/2-1/2

[Event "NB1 Maroczy csoport"]
[Site "Budapest"]
[Date "2024.12.15"]
[Round "4.2"]
[White "Torok, Sandor"]
[Black "Csizmadia, Laszlo"]
[Result "0-1"]
[WhiteElo "2206"]
[BlackElo "2306"]
[PlyCount "60"]
[GameId "2124075562549448"]
[EventDate "2024.11.03"]
[EventType "team-tourn"]
[EventRounds "11"]
[EventCountry "HUN"]
[Source "chess.hu"]
[WhiteTeam "Vasas SC"]
[BlackTeam "Maroczy SE II."]
[WhiteTeamCountry "HUN"]
[BlackTeamCountry "HUN"]

1. e4 e6 2. d4 d5 3. Nd2 Nf6 4. e5 Nfd7 5. f4 c5 6. c3 Nc6 7. Ndf3 Qb6 8. h4 f6 9. Bd3 cxd4 10. cxd4 Bb4+ 11. Ke2 Be7 12. h5 O-O 13. b3 a5 14. a3 Ndb8 15. Be3 Bd7 16. Nh3 Na6 17. exf6 gxf6 18. f5 Rae8 19. Nf4 Bd6 20. fxe6 Bxf4 21. Bxf4 Bxe6 22. Rh4 Nxd4+ 23. Nxd4 Bg4+ 24. Kf1 Bxd1 25. Rxd1 Kh8 26. Bf5 Nc5 27. Rh3 Ne4 28. Rhd3 Rg8 29. h6 Re5 30. Rc1 Rxf5 0-1

[Event "NB1 Maroczy csoport"]
[Site "Budapest"]
[Date "2024.12.15"]
[Round "4.3"]
[White "Jojart, Zsolt"]
[Black "Karacsony, Attila"]
[Result "1-0"]
[WhiteElo "2105"]
[BlackElo "2195"]
[PlyCount "109"]
[GameId "2124075600953560"]
[EventDate "2024.11.03"]
[EventType "team-tourn"]
[EventRounds "11"]
[EventCountry "HUN"]
[Source "chess.hu"]
[WhiteTeam "Maroczy SE II."]
[BlackTeam "Vasas SC"]
[WhiteTeamCountry "HUN"]
[BlackTeamCountry "HUN"]

1. e4 e5 2. Nf3 d6 3. d4 Nf6 4. Nc3 Nbd7 5. g3 Be7 6. Bg2 O-O 7. O-O c6 8. a4 b6 9. h3 a6 10. Nh4 g6 11. Kh2 exd4 12. Qxd4 Nh5 13. Nf3 Qc7 14. Be3 Bb7 15. Qc4 Rac8 16. Qe2 b5 17. a5 Rfe8 18. Nd2 b4 19. Na4 d5 20. Nb6 Nxb6 21. axb6 Qd8 22. Nb3 c5 23. exd5 Qxb6 24. Na5 Bd6 25. Rfe1 Qc7 26. Nxb7 Qxb7 27. Qxa6 Qb8 28. Kg1 Be5 29. Rab1 c4 30. Qb6 Nf6 31. Qxb8 Bxb8 32. Bd4 Nd7 33. Bf1 Be5 34. Bxe5 Rxe5 35. Rxe5 Nxe5 36. Kg2 Rc5 37. Rd1 c3 38. b3 Ra5 39. f4 Nd7 40. Kf3 Kf8 41. d6 Ke8 42. Rd4 Nc5 43. Rxb4 Kd7 44. Rc4 Ne6 45. Rxc3 Ra2 46. Ke4 Kxd6 47. f5 gxf5+ 48. Kxf5 Ke7 49. Bd3 Ra1 50. b4 Re1 51. Kg4 Re3 52. b5 h5+ 53. Kh4 Re5 54. b6 Nd4 55. g4 1-0

[Event "NB1 Maroczy csoport"]
[Site "Budapest"]
[Date "2024.12.15"]
[Round "4.4"]
[White "Szabo, Kristof"]
[Black "Koszta, Benedek"]
[Result "1/2-1/2"]
[WhiteElo "2123"]
[BlackElo "2109"]
[PlyCount "36"]
[GameId "2124075635630312"]
[EventDate "2024.11.03"]
[EventType "team-tourn"]
[EventRounds "11"]
[EventCountry "HUN"]
[Source "chess.hu"]
[WhiteTeam "Vasas SC"]
[BlackTeam "Maroczy SE II."]
[WhiteTeamCountry "HUN"]
[BlackTeamCountry "HUN"]

1. e4 c5 2. Nf3 d6 3. d4 cxd4 4. Nxd4 Nf6 5. Nc3 a6 6. Bg5 Nbd7 7. Qd2 e6 8. O-O-O Qc7 9. f3 Be7 10. h4 b5 11. Bd3 Bb7 12. Kb1 O-O 13. g4 b4 14. Nce2 Nc5 15. Be3 d5 16. e5 Nfd7 17. f4 Nxd3 18. cxd3 a5 1/2-1/2